Vista normal
Vista MARC
Entrada Personal Name
Número de registros utilizados en: 10
001 - CONTROL NUMBER
- control field: 6531
003 - CONTROL NUMBER IDENTIFIER
- control field: DLC
005 - DATE AND TIME OF LATEST TRANSACTION
- control field: 20240906135605.0
008 - FIXED-LENGTH DATA ELEMENTS
- fixed length control field: 050127n| azannaabn |a aaa
010 ## - LIBRARY OF CONGRESS CONTROL NUMBER
- LC control number: 2005005954
040 ## - CATALOGING SOURCE
- Original cataloging agency: DLC
- Language of cataloging: spa
- Description conventions: rda
- Transcribing agency: Mx-PuUPA
- Modifying agency: ICU
- Modifying agency: DLC
- Modifying agency: Mx-PuUPA
100 1# - HEADING--PERSONAL NAME
- Personal name: Salazar Andreu, Juan Pablo,
372 ## - FIELD OF ACTIVITY
- Field of activity: Criminología
- Field of activity: Prevención del delito
373 ## - ASSOCIATED GROUP
- Associated group: Universidad popular Autónoma del Estado de Puebla
- Associated group: Asociación de ciudadanos Poblanos Unidos
374 ## - OCCUPATION
- Occupation: Autor
375 ## - GENDER
- Gender: hombre
377 ## - ASSOCIATED LANGUAGE
- Language code: spa
400 1# - SEE FROM TRACING--PERSONAL NAME
- Personal name: Andreu, Juan Pablo Salazar
400 1# - SEE FROM TRACING--PERSONAL NAME
- Personal name: Salazar A., Juan Pablo,
- Fuller form of name: (Salazar Andreu)
670 ## - SOURCE DATA FOUND
- Source citation: Palafox y Mendoza, Juan de. Manuscritos e impresos del venerable señor don Juan de Palafox y Mendoza, 2000:
- Information found: p. facing t.p. (Juan Pablo Salazar Andreu)
670 ## - SOURCE DATA FOUND
- Source citation: Obispos de Puebla de los Ángeles en el periodo de los Austria (1521-1700), 2005:
- Information found: cover (Juan Pablo Salazar A.) t.p. (Juan Pablo Salazar Andreu)
670 ## - SOURCE DATA FOUND
- Source citation: Memorias del tercer foro internacional de prevención del delito (2006), 2007
- Information found: portada ( Juan Pablo Salazar Andreu)
670 ## - SOURCE DATA FOUND
- Source citation: Biblioteca del Congreso (Estados Unidos), 02 febrero 2018 :
- Information found: catálogo electrónico:
- Uniform Resource Identifier: https://goo.gl/WyXRM3